[Event "Brno CEZ Talent"]
[Site "?"]
[Date "2013.08.25"]
[Round "2"]
[White "Kaplan, Milan"]
[Black "Kulovana, Eva"]
[Result "1/2-1/2"]
[WhiteElo "1000"]
[BlackElo "2250"]
[PlyCount "100"]
[EventDate "2013.08.25"]

1. e4 c6 2. d4 d5 3. Nc3 dxe4 4. Nxe4 Bf5 5. Ng3 Bg6 6. h4 h6 7. h5 Bh7 8. Bc4
Nf6 9. N1e2 e6 10. c3 Bd6 11. Bf4 Qc7 12. Bxd6 Qxd6 13. Qd2 Nbd7 14. O-O-O b5
15. Bd3 Bxd3 16. Qxd3 O-O 17. f3 Nb6 18. Ne4 Nxe4 19. fxe4 Nc4 20. g4 f6 21. e5
fxe5 22. g5 e4 23. Qxe4 Qd5 24. Qxd5 exd5 25. gxh6 Rf2 26. b3 Re8 27. Rde1 Nd6
28. Ng3 Rxa2 29. hxg7 Rxe1+ 30. Rxe1 Ra1+ 31. Kd2 Rxe1 32. Kxe1 Kxg7 33. Ke2
Kh6 34. Ke3 Kg5 35. Ne2 a5 36. Nf4 a4 37. Ne6+ Kxh5 38. bxa4 bxa4 39. Nc5 a3
40. Kd3 a2 41. Nb3 Kg4 42. Kc2 Nb5 43. Na1 Kf3 44. Kb3 Ke3 45. Kc2 Ke2 46. Nb3
Ke3 47. Na1 Nd6 48. Nb3 Nb7 49. Kb2 Kd3 50. Nc1+ Kc4 1/2-1/2

[Event "Brno CEZ Talent"]
[Site "?"]
[Date "2013.08.25"]
[Round "2"]
[White "Kratochvil, Josef"]
[Black "Uhmann, Jan ml."]
[Result "1-0"]
[WhiteElo "2241"]
[BlackElo "2046"]
[PlyCount "71"]
[EventDate "2013.08.25"]

1. d4 b6 2. e4 Bb7 3. Bd3 e6 4. Qe2 c5 5. Nf3 cxd4 6. Nxd4 Nf6 7. O-O d5 8. Bg5
Bc5 9. Bb5+ Nbd7 10. Nb3 Be7 11. Nc3 Nxe4 12. Nxe4 Bxg5 13. Nd6+ Ke7 14. Nxb7
Qc7 15. Qg4 Bf6 16. Qb4+ Ke8 17. Nd6+ Kf8 18. Nf5+ Nc5 19. Nfd4 a5 20. Qa3 a4
21. Nxc5 bxc5 22. Nf3 Qb6 23. c4 dxc4 24. Bxc4 Bxb2 25. Rab1 Bxa3 26. Rxb6 Ke7
27. Ne5 Kf6 28. f4 Ra7 29. Rf3 Bb4 30. Nc6 Rc7 31. f5 Kg5 32. fxe6 fxe6 33. Ne5
Re8 34. Nf7+ Kh5 35. Bxe6 g5 36. g4+ 1-0

[Event "Brno CEZ Talent"]
[Site "?"]
[Date "2013.08.25"]
[Round "2"]
[White "Cip, Dalibor"]
[Black "Bures, Jaroslav"]
[Result "0-1"]
[WhiteElo "2103"]
[BlackElo "2377"]
[PlyCount "116"]
[EventDate "2013.08.25"]

1. c4 Nf6 2. Nc3 e6 3. Nf3 c5 4. g3 b6 5. Bg2 Bb7 6. O-O Be7 7. d4 cxd4 8. Qxd4
d6 9. Bg5 h6 10. Bxf6 Bxf6 11. Qd3 a6 12. Rfd1 Be7 13. Nd4 Bxg2 14. Kxg2 Ra7
15. Rac1 O-O 16. b3 Qc8 17. Qf3 Rc7 18. e4 Nd7 19. Qe3 Qb7 20. f3 Rfc8 21. a4
Ne5 22. Rc2 Nc6 23. Nxc6 Qxc6 24. Qd3 Qc5 25. Qd4 Qb4 26. Rb1 Bf6 27. Qd3 Bxc3
28. Qxc3 Qxc3 29. Rxc3 d5 30. exd5 exd5 31. Rbc1 Rc5 32. Kf2 b5 33. axb5 axb5
34. Ke3 dxc4 35. bxc4 bxc4 36. Kd4 Rh5 37. R1c2 Rd8+ 38. Ke4 Re8+ 39. Kf4 Rc8
40. Rxc4 Rxc4+ 41. Rxc4 Rxh2 42. g4 Kh7 43. Rc7 Kg6 44. Kg3 Ra2 45. Rc6+ f6 46.
Rc7 Ra3 47. Rb7 Ra5 48. Kf4 Rg5 49. Ra7 Rc5 50. Rb7 Rc1 51. Kg3 h5 52. gxh5+
Kxh5 53. Kh3 Rg1 54. Rb4 Kg6 55. Kh2 Rg5 56. Kh3 Kf5 57. f4 Rg1 58. Kh2 Rg4 0-1

[Event "Brno CEZ Talent"]
[Site "?"]
[Date "2013.08.25"]
[Round "2"]
[White "Skliba, Martin"]
[Black "Tocev, Dosi"]
[Result "1-0"]
[WhiteElo "2271"]
[BlackElo "1775"]
[PlyCount "81"]
[EventDate "2013.08.25"]

1. d4 d5 2. Nf3 Nf6 3. c4 c6 4. Nc3 e6 5. e3 Bd6 6. Qc2 O-O 7. Bd3 dxc4 8. Bxc4
Nbd7 9. O-O Re8 10. Rd1 Nb6 11. Bb3 Qc7 12. e4 e5 13. h3 Be6 14. Bxe6 Rxe6 15.
Bg5 exd4 16. Nxd4 Ree8 17. Bxf6 gxf6 18. Qe2 Kh8 19. Rac1 Bf4 20. Rc2 Qe5 21.
Qf3 Qg5 22. Nf5 Rg8 23. h4 Qg4 24. Qxg4 Rxg4 25. g3 Be5 26. Nh6 Rg7 27. Ne2 Rf8
28. b3 Rg6 29. Rd8 Kg7 30. Nf5+ Kg8 31. Ne7+ Kg7 32. Rxf8 Kxf8 33. Nxg6+ fxg6
34. f4 Bc7 35. Kg2 Ke7 36. Nc3 Kd6 37. Kf3 a6 38. g4 Ke6 39. g5 fxg5 40. hxg5
Bd8 41. Rh2 1-0

[Event "Brno CEZ Talent"]
[Site "?"]
[Date "2013.08.25"]
[Round "2"]
[White "Pokorny, Petr"]
[Black "Paulik, Martin"]
[Result "1-0"]
[WhiteElo "2194"]
[BlackElo "1875"]
[PlyCount "49"]
[EventDate "2013.08.25"]

1. d4 d5 2. c4 e5 3. dxe5 d4 4. Nf3 Nc6 5. a3 Bg4 6. Bf4 Qd7 7. Nbd2 O-O-O 8.
h3 Bh5 9. g4 Bg6 10. Bg2 h5 11. g5 h4 12. b4 Qf5 13. Bh2 Be7 14. Qa4 Bxg5 15.
Nxg5 Qxg5 16. Bxc6 bxc6 17. Qxc6 Ne7 18. Qf3 Bh5 19. Qa8+ Kd7 20. Qb7 Rh6 21.
Ne4 Qf5 22. e6+ Rxe6 23. Nc5+ Ke8 24. Nxe6 Qxe6 25. Qb5+ 1-0

[Event "Brno CEZ Talent"]
[Site "?"]
[Date "2013.08.25"]
[Round "2"]
[White "Meszaros, Ludek"]
[Black "von Keyserlingk, Chanda"]
[Result "1-0"]
[WhiteElo "2106"]
[BlackElo "1673"]
[PlyCount "59"]
[EventDate "2013.08.25"]

1. d4 Nf6 2. c4 g6 3. Nc3 Bg7 4. e4 d6 5. Bg5 O-O 6. f4 c5 7. d5 h6 8. Bh4 Na6
9. Nf3 Nh5 10. Qd2 Re8 11. Be2 Bd4 12. Nxd4 cxd4 13. Nb5 Nf6 14. Qxd4 Nc5 15.
Nc3 Qb6 16. O-O-O Nfd7 17. Bf2 a6 18. h4 Qc7 19. h5 e5 20. dxe6 Nxe6 21. Qd2 g5
22. fxg5 Nxg5 23. Be3 Qa5 24. Bxg5 Qxg5 25. Qxg5+ hxg5 26. Rxd6 Nc5 27. Rd5
Nxe4 28. Nxe4 Rxe4 29. Rd8+ Kg7 30. h6+ 1-0

[Event "Brno CEZ Talent"]
[Site "?"]
[Date "2013.08.25"]
[Round "2"]
[White "Stanek, Stanislav"]
[Black "Majer, Jiri"]
[Result "0-1"]
[WhiteElo "1967"]
[BlackElo "2044"]
[PlyCount "102"]
[EventDate "2013.08.25"]

1. d4 Nf6 2. Bf4 e6 3. e3 b6 4. Bd3 Bb7 5. Nf3 Be7 6. Qe2 d5 7. Nbd2 c5 8. c3
Nbd7 9. Rc1 O-O 10. h3 Rc8 11. Ba6 Bxa6 12. Qxa6 Ra8 13. O-O Qc8 14. Qxc8 Rfxc8
15. Rfe1 Nh5 16. Bh2 f5 17. Be5 Nhf6 18. Ng5 Nf8 19. f4 Ne4 20. Ngxe4 fxe4 21.
Re2 {(R)} cxd4 22. Bxd4 b5 23. g3 Nd7 24. Kf2 a5 25. Nf1 Bd6 26. Rd1 Rf8 27.
Kg2 a4 28. a3 Nb8 29. Nd2 Nc6 30. Nf1 Rab8 31. Nd2 Rfd8 32. Kf2 Rb7 33. Ra1 Na5
34. Rd1 Rdb8 35. h4 g6 36. g4 h6 37. Bf6 Rd7 38. Kg3 Kf7 39. Be5 Bxe5 40. fxe5
Ke7 41. h5 Rg8 42. hxg6 Rxg6 43. Rh2 Rd8 44. Rh4 Nc6 45. Rdh1 Nxe5 46. Rf1 Rdg8
47. Rf4 Nd3 48. b3 Nxf4 49. Kxf4 axb3 50. Nxb3 Kd6 51. Nd4 e5+ 0-1

[Event "Brno CEZ Talent"]
[Site "?"]
[Date "2013.08.25"]
[Round "2"]
[White "Navratil, Jiri"]
[Black "Effenberger, Adam"]
[Result "1-0"]
[WhiteElo "2036"]
[BlackElo "1700"]
[PlyCount "41"]
[EventDate "2013.08.25"]

1. e4 c5 2. Nf3 Nc6 3. d4 cxd4 4. Nxd4 Nf6 5. Nc3 g6 6. Be3 Bg7 7. Bc4 Qa5 8.
O-O O-O 9. Bb3 d6 10. h3 Bd7 11. Qd2 Rfc8 12. Rae1 Nxd4 13. Bxd4 Bb5 14. Bxf6
Bxf1 15. Bxg7 Bxg2 16. Qh6 Bxh3 17. Re3 Bg4 18. Nd5 Qd8 19. e5 Be6 20. Bf6 exf6
21. Nxf6+ 1-0

[Event "Brno CEZ Talent"]
[Site "?"]
[Date "2013.08.25"]
[Round "2"]
[White "Zikan, Karel"]
[Black "Richterova, Natasa"]
[Result "0-1"]
[WhiteElo "1795"]
[BlackElo "2059"]
[PlyCount "86"]
[EventDate "2013.08.25"]

1. c4 Nf6 2. Nc3 e5 3. Nf3 Nc6 4. d3 Bb4 5. Bd2 d6 6. g3 Bg4 7. Bg2 Qd7 8. a3
Bxc3 9. Bxc3 O-O 10. b4 Rfe8 11. O-O Bh3 12. b5 Nd8 13. e3 Bxg2 14. Kxg2 h6 15.
a4 Ne6 16. Qc2 Rad8 17. Rfd1 Nf8 18. e4 Ng6 19. h3 h5 20. Bd2 Nh7 21. Ng5 f5
22. Nxh7 Kxh7 23. f3 Rf8 24. Rf1 Rf7 25. Qd1 Nf8 26. Qe2 g6 27. a5 c6 28. bxc6
bxc6 29. Rab1 Ne6 30. Bc3 h4 31. exf5 Rxf5 32. Qe4 hxg3 33. a6 Nf4+ 34. Kxg3
Rg5+ 35. Kf2 Rg2+ 36. Ke1 Re2+ 37. Qxe2 Nxe2 38. Rb7 Qxb7 39. axb7 Nxc3 40. Kd2
Na4 41. Ra1 Nc5 42. Rxa7 Rb8 43. Kc3 Rxb7 0-1

[Event "Brno CEZ Talent"]
[Site "?"]
[Date "2013.08.25"]
[Round "2"]
[White "Turza, Pavel"]
[Black "Dirgas, Josef"]
[Result "1/2-1/2"]
[WhiteElo "1774"]
[BlackElo "2024"]
[PlyCount "113"]
[EventDate "2013.08.25"]

1. d4 d5 2. Nf3 Nf6 3. Bf4 e6 4. c3 Be7 5. Qc2 Nbd7 6. Nbd2 b6 7. e4 dxe4 8.
Nxe4 O-O 9. Bd3 Bb7 10. Ng3 h6 11. Qe2 c5 12. Rd1 cxd4 13. Nxd4 Nd5 14. Bc1 Re8
15. O-O Bd6 16. Qh5 Bf8 17. f4 g6 18. Bxg6 fxg6 19. Qxg6+ Kh8 20. Nh5 Qe7 21.
Rfe1 Qh7 22. Qxh7+ Kxh7 23. Nxe6 Kg6 24. g4 Kf7 25. f5 Nc5 26. c4 Nb4 27. Re3
Nxe6 28. fxe6+ Kg6 29. Nf4+ Kg5 30. e7 Kxf4 31. exf8=Q+ Rxf8 32. Rd4+ Kg5 33.
Re7+ Kf6 34. Rxb7 Ke5 35. Rdd7 Rf6 36. a3 Nc6 37. Rf7 Rg6 38. h3 Rd8 39. Rbd7
Rd6 40. Bf4+ Ke6 41. Rxd6+ Rxd6 42. Rh7 Rd4 43. Rxh6+ Kd7 44. Be3 Rxc4 45. g5
Re4 46. Kf2 Re7 47. g6 Ne5 48. Bd4 Nc6 49. g7 Rf7+ 50. Bf6 Ne7 51. Ke2 Ng8 52.
Rh8 Nxf6 53. g8=Q Nxg8 54. Rxg8 Rh7 55. Ra8 Kc6 56. Rc8+ Kd5 57. Rc3 1/2-1/2

[Event "Brno CEZ Talent"]
[Site "?"]
[Date "2013.08.25"]
[Round "2"]
[White "Hosek, Martin"]
[Black "Kandalec, Stefan"]
[Result "1-0"]
[WhiteElo "2008"]
[BlackElo "1843"]
[PlyCount "77"]
[EventDate "2013.08.25"]

1. d4 d5 2. c4 dxc4 3. Nf3 Bf5 4. Nc3 Nf6 5. e3 Bd3 6. Bxd3 cxd3 7. Qxd3 c6 8.
O-O e6 9. e4 h6 10. Rd1 Be7 11. Bf4 O-O 12. a3 Nbd7 13. b4 Rc8 14. d5 exd5 15.
exd5 cxd5 16. Nxd5 Nxd5 17. Qxd5 Bf6 18. Rab1 Nb6 19. Qa5 Qe8 20. Qxa7 Na4 21.
Bd6 Nc3 22. Bxf8 Nxd1 23. Rxd1 Qxf8 24. Qxb7 Ra8 25. Rd3 Bb2 26. b5 Bxa3 27.
Rd7 Bc5 28. g3 Rb8 29. Qc7 Rc8 30. Qe5 Bb6 31. Rb7 Qa3 32. Rxb6 Qxf3 33. Rb8
Qd1+ 34. Kg2 Qd7 35. Rxc8+ Qxc8 36. Qd5 Qc7 37. Qc6 Qb8 38. b6 Kf8 39. b7 1-0

[Event "Brno CEZ Talent"]
[Site "?"]
[Date "2013.08.25"]
[Round "2"]
[White "Hradsky, Ales"]
[Black "Stehlik, Jiri"]
[Result "1/2-1/2"]
[WhiteElo "1768"]
[BlackElo "2008"]
[PlyCount "60"]
[EventDate "2013.08.25"]

1. f4 Nf6 2. Nf3 g6 3. d4 Bg7 4. e3 O-O 5. Bd3 d6 6. O-O Nc6 7. c4 Bg4 8. Nc3
e5 9. d5 Nb4 10. Bb1 Qe7 11. a3 Na6 12. h3 Bxf3 13. Qxf3 Nc5 14. f5 e4 15. Qd1
Nfd7 16. Ne2 Nb6 17. Qc2 a5 18. Bd2 Qg5 19. Nf4 gxf5 20. Bc3 Be5 21. Bd4 a4 22.
Ba2 Kh8 23. Rf2 Rg8 24. Raf1 Rae8 25. Qe2 Nbd7 26. Nh5 Qh4 27. Kh1 Rg5 28. Rxf5
Reg8 29. Rxg5 Rxg5 30. Nf4 Qg3 1/2-1/2

[Event "Brno CEZ Talent"]
[Site "?"]
[Date "2013.08.25"]
[Round "2"]
[White "Zeman, Arnost"]
[Black "Blazek, Pavel"]
[Result "1-0"]
[WhiteElo "2002"]
[BlackElo "1820"]
[PlyCount "87"]
[EventDate "2013.08.25"]

1. d4 d5 2. Nf3 Bf5 3. Nbd2 e6 4. e3 Bd6 5. c4 c6 6. b3 Nd7 7. Bb2 Qf6 8. Qc1
Qh6 9. Ba3 Be7 10. Bxe7 Nxe7 11. Qa3 Qf6 12. Rc1 O-O 13. Ne5 Rfd8 14. Be2 h6
15. h4 Nc8 16. g4 Bh7 17. g5 hxg5 18. hxg5 Qxg5 19. Nxf7 Kxf7 20. Nf3 Qe7 21.
Qxe7+ Nxe7 22. Rxh7 Rh8 23. Rxh8 Rxh8 24. Kd2 Kf6 25. Rg1 Ng6 26. Bd3 Rh6 27.
cxd5 exd5 28. b4 Nh4 29. Ng5 Ng6 30. Nh7+ Kf7 31. Rg3 Nh4 32. Ke2 Nf8 33. Ng5+
Kf6 34. e4 dxe4 35. Nxe4+ Kf7 36. Bc4+ Ke8 37. Rxg7 Ne6 38. Nd6+ Kf8 39. Rf7+
Kg8 40. Rxb7 Kf8 41. Rf7+ Kg8 42. Re7 Kf8 43. Re8+ Kg7 44. Rxe6 1-0

[Event "Brno CEZ Talent"]
[Site "?"]
[Date "2013.08.25"]
[Round "2"]
[White "Doskar, Miloslav"]
[Black "Benes, Miroslav"]
[Result "1/2-1/2"]
[WhiteElo "1739"]
[BlackElo "1998"]
[PlyCount "54"]
[EventDate "2013.08.25"]

1. d4 d5 2. c4 dxc4 3. e3 e5 4. Bxc4 Nc6 5. d5 Nce7 6. e4 Ng6 7. Nc3 Bd6 8.
Nge2 Nf6 9. Bb5+ Nd7 10. Ng3 a6 11. Be2 O-O 12. O-O Nf4 13. Bxf4 exf4 14. Nf5
Qf6 15. Nxd6 cxd6 16. Qd2 Ne5 17. f3 Bd7 18. Rac1 Rae8 19. Nb1 Ng6 20. Rc7 Bc8
21. Rfc1 Qg5 22. Bf1 Ne5 23. Kh1 f5 24. Nc3 Qd8 25. Ne2 Bd7 26. exf5 Bb5 27.
Rxb7 Rxf5 {(R)} 1/2-1/2

[Event "Brno CEZ Talent"]
[Site "?"]
[Date "2013.08.25"]
[Round "2"]
[White "Messerschmidt, Stanislav"]
[Black "Kosina, Vladimir"]
[Result "1-0"]
[WhiteElo "1993"]
[BlackElo "1773"]
[PlyCount "81"]
[EventDate "2013.08.25"]

1. d4 Nf6 2. c4 e6 3. Nc3 c5 4. d5 d6 5. g3 Be7 6. Bg2 O-O 7. b3 Nbd7 8. Bb2 a6
9. a4 Rb8 10. e3 b6 11. Nge2 e5 12. O-O Re8 13. Qc2 Nf8 14. f4 Ng4 15. Nd1 f5
16. h3 Nh6 17. fxe5 Ng6 18. e6 Bf6 19. e4 Bxb2 20. Qxb2 fxe4 21. Bxe4 Ne5 22.
Qd2 Rb7 23. Nf2 b5 24. cxb5 axb5 25. Nd3 Nxd3 26. Qxd3 g5 27. axb5 Rg7 28. g4
Qb6 29. Qc4 Rb7 30. Bd3 Qc7 31. Rf6 Qg7 32. Raf1 Rbe7 33. Ng3 Bb7 34. Nh5 Qh8
35. Be4 Ra8 36. Qc1 Rg7 37. Rxh6 Rg6 38. Rf6 Rxh6 39. Qxg5+ Rg6 40. Rxg6+ Kf8
41. Rg7 1-0

[Event "Brno CEZ Talent"]
[Site "?"]
[Date "2013.08.25"]
[Round "2"]
[White "Eichler, Bretislav"]
[Black "Novak, Vitezslav"]
[Result "0-1"]
[WhiteElo "1701"]
[BlackElo "1970"]
[PlyCount "80"]
[EventDate "2013.08.25"]

1. d4 d5 2. Nf3 e6 3. Bf4 Nf6 4. Nbd2 Be7 5. c3 c5 6. dxc5 Bxc5 7. e3 Nc6 8.
Bb5 Qb6 9. Qb3 O-O 10. Bxc6 Qxc6 11. O-O Bd6 12. Bxd6 Qxd6 13. Rad1 b6 14. Rfe1
Bb7 15. Qa4 Bc6 16. Qh4 Rad8 17. Nc4 Qc7 18. Nce5 Nd7 19. Nxd7 Rxd7 20. Rd4 e5
21. Rg4 f6 22. Qh5 g6 23. Qh6 Rg7 24. Rd1 Qc8 25. Rg3 Qf5 26. Ne1 Qe6 27. b3 f5
28. Nd3 Rf6 29. f4 g5 30. Qh5 g4 31. Qh4 Kh8 32. Nxe5 Rg8 33. Nxc6 Qxc6 34.
Rxd5 Rh6 35. Qxh6 Qxh6 36. Rxf5 Qe6 37. Re5 Qd6 38. e4 Qd1+ 39. Kf2 Qd2+ 40.
Kf1 Qxf4+ 0-1

[Event "Brno CEZ Talent"]
[Site "?"]
[Date "2013.08.25"]
[Round "2"]
[White "Navratilova, Alena"]
[Black "Vesely, Jaromir"]
[Result "1/2-1/2"]
[WhiteElo "1684"]
[BlackElo "1961"]
[PlyCount "116"]
[EventDate "2013.08.25"]

1. Nf3 Nf6 2. d4 e6 3. c4 b6 4. g3 Bb7 5. Bg2 d5 6. O-O Be7 7. Ne5 O-O 8. Nd2
c5 9. dxc5 bxc5 10. b3 Nc6 11. Ndf3 Rc8 12. Nxc6 Rxc6 13. Ne5 Rb6 14. Bd2 Bd6
15. Nd3 d4 16. Ba5 Bxg2 17. Bxb6 Qxb6 18. Kxg2 Qc6+ 19. Kg1 e5 20. f3 Re8 21.
Nf2 g6 22. Qd3 Bf8 23. Ne4 Nh5 24. Qd2 f5 25. Nf2 e4 26. fxe4 fxe4 27. Qg5 Bg7
28. Rab1 Re5 29. Qd8+ Qe8 30. Qxe8+ Rxe8 31. b4 cxb4 32. Rxb4 d3 33. exd3 e3
34. Ne4 Bd4 35. Kg2 Bb6 36. Rxb6 axb6 37. Re1 Ra8 38. Re2 Ng7 39. Nf6+ Kh8 40.
Nd5 Ra3 41. Nxe3 Rxd3 42. Nd5 Nf5 43. Nxb6 Rc3 44. Kf2 h5 45. a4 Nd4 46. Rd2
Nb3 47. Rb2 Na5 48. Kg2 Kg7 49. Rb5 Nxc4 50. Nxc4 Rxc4 51. a5 Ra4 52. Kf3 h4
53. gxh4 Rxh4 54. Kg3 Ra4 55. h4 Kh6 56. Rd5 Ra3+ 57. Kg4 Ra4+ 58. Kg3 Ra3+
1/2-1/2

[Event "Brno CEZ Talent"]
[Site "?"]
[Date "2013.08.25"]
[Round "2"]
[White "Licka, Vlastimil"]
[Black "Prokop, Jiri"]
[Result "1-0"]
[WhiteElo "1959"]
[BlackElo "1758"]
[PlyCount "57"]
[EventDate "2013.08.25"]

1. e4 d6 2. d4 Nf6 3. Nc3 g6 4. Be3 Bg7 5. f3 c6 6. Qd2 O-O 7. Bh6 Qc7 8. O-O-O
a6 9. h4 b5 10. g4 e5 11. Bxg7 Kxg7 12. h5 Ra7 13. Nge2 Qe7 14. Ng3 Ne8 15.
dxe5 Qxe5 16. f4 Qc5 17. f5 Qe5 18. Qe3 Re7 19. hxg6 fxg6 20. Qh6+ Kg8 21. Nce2
Qg7 22. Qd2 Nd7 23. g5 gxf5 24. Nxf5 Rxf5 25. exf5 Qf7 26. Kb1 Qxf5 27. Nd4 Qg4
28. Bh3 Qg3 29. Nf5 1-0

[Event "Brno CEZ Talent"]
[Site "?"]
[Date "2013.08.25"]
[Round "2"]
[White "Lisik, Miroslav"]
[Black "Sikora, Lukas"]
[Result "0-1"]
[WhiteElo "1667"]
[BlackElo "1954"]
[PlyCount "92"]
[EventDate "2013.08.25"]

1. e4 d6 2. d4 Nf6 3. Nc3 g6 4. Nf3 Bg7 5. h3 O-O 6. Be3 c6 7. a4 e5 8. dxe5
dxe5 9. Be2 Qe7 10. Nd2 Rd8 11. O-O Be6 12. Qe1 Ne8 13. Bc4 Rxd2 14. Qxd2 Bxc4
15. Rfd1 Na6 16. Nb1 Bf6 17. Na3 Be6 18. Qe2 Qb4 19. f3 Qxa4 20. c3 Bb3 21. Rd2
c5 22. Qf2 Qc6 23. g4 Nd6 24. Re1 Nc4 25. Nxc4 Bxc4 26. g5 Be7 27. h4 Nc7 28.
h5 a5 29. Qh4 Rd8 30. Rxd8+ Bxd8 31. hxg6 Qxg6 32. Qh6 Ne6 33. Rd1 Bxg5 34.
Bxg5 Qxg5+ 35. Qxg5+ Nxg5 36. Kf2 Be6 37. Rd8+ Kg7 38. Rb8 Bb3 39. Rxb7 Bd1 40.
Rb5 Bxf3 41. Rxa5 Kg6 42. Ke3 Bxe4 43. Rxc5 Kf5 44. Ra5 h5 45. b4 h4 46. Ra2
Kg4 0-1

[Event "Brno CEZ Talent"]
[Site "?"]
[Date "2013.08.25"]
[Round "2"]
[White "Hlavinka, Zdenek"]
[Black "Zuziak, Petr"]
[Result "1-0"]
[WhiteElo "1951"]
[BlackElo "1713"]
[PlyCount "49"]
[EventDate "2013.08.25"]

1. d4 Nf6 2. Bf4 g6 3. e3 Bg7 4. Be2 c6 5. c3 O-O 6. h4 d5 7. h5 Bf5 8. g4 Be4
9. f3 Bxb1 10. Qxb1 Nfd7 11. hxg6 fxg6 12. Bd3 e5 13. dxe5 Nxe5 14. Bxe5 Bxe5
15. f4 Bg7 16. Qc2 Qe7 17. Qf2 d4 18. Bc4+ Kh8 19. Ne2 Qxe3 20. Rxh7+ Kxh7 21.
Qh4+ Bh6 22. g5 Rf7 23. Qxh6+ Kg8 24. Qxg6+ Kh8 25. Bxf7 1-0

[Event "Brno CEZ Talent"]
[Site "?"]
[Date "2013.08.25"]
[Round "2"]
[White "Martirosyan, Ara"]
[Black "Kubat, Pavel"]
[Result "1-0"]
[WhiteElo "1610"]
[BlackElo "1942"]
[PlyCount "75"]
[EventDate "2013.08.25"]

1. e4 d6 2. d4 Nf6 3. Nc3 Nbd7 4. Nf3 e5 5. Bc4 Be7 6. O-O O-O 7. h3 c6 8. a4
a5 9. Be3 Qc7 10. Qd2 b6 11. Rfe1 Bb7 12. Rad1 Rad8 13. Qe2 h6 14. Nh4 Nxe4 15.
Nf5 Ndf6 16. Nxe4 Nxe4 17. Bxh6 d5 18. Qg4 g6 19. Nxe7+ Qxe7 20. Bxf8 Qxf8 21.
Bd3 Bc8 22. Qe2 exd4 23. Bxe4 dxe4 24. Qxe4 Bf5 25. Qxc6 Rc8 26. Qxb6 Rb8 27.
Qxa5 d3 28. cxd3 Rxb2 29. Qe5 Qa3 30. Ra1 Qb4 31. a5 Qd2 32. Qe3 Qc3 33. a6
Bxd3 34. a7 Re2 35. Rxe2 Qxa1+ 36. Re1 Qa6 37. Qe8+ Kg7 38. a8=R 1-0

[Event "Brno CEZ Talent"]
[Site "?"]
[Date "2013.08.25"]
[Round "2"]
[White "Kopecek, Ivan"]
[Black "Sojka, Oldrich"]
[Result "1-0"]
[WhiteElo "1933"]
[BlackElo "1639"]
[PlyCount "47"]
[EventDate "2013.08.25"]

1. d4 d5 2. c4 Bf5 3. Qb3 dxc4 4. Qxb7 Nd7 5. Nc3 e6 6. e4 Rb8 7. Qxa7 Bg6 8.
Bxc4 Bb4 9. f3 Ne7 10. Qa4 O-O 11. Qd1 c5 12. Bf4 Bxc3+ 13. bxc3 Rb2 14. Ne2
cxd4 15. cxd4 Nc6 16. O-O Nb6 17. Bb3 Na5 18. Bc1 Nxb3 19. axb3 Rxe2 20. Qxe2
Qxd4+ 21. Be3 Qb4 22. Qf2 Nd7 23. Rfd1 Qb7 24. Ra7 1-0

[Event "Brno CEZ Talent"]
[Site "?"]
[Date "2013.08.25"]
[Round "2"]
[White "Koci, Tereza"]
[Black "Zeman, Radek"]
[Result "1/2-1/2"]
[WhiteElo "1426"]
[BlackElo "1895"]
[PlyCount "78"]
[EventDate "2013.08.25"]

1. c4 e6 2. d4 d5 3. Nf3 Nf6 4. Bg5 Be7 5. Nc3 h6 6. Bh4 b6 7. e3 O-O 8. Be2
Bb7 9. O-O Nbd7 10. Qc2 dxc4 11. Nd2 Nd5 12. Bxe7 Qxe7 13. Bxc4 N7f6 14. Nxd5
Nxd5 15. a3 c5 16. Bxd5 Bxd5 17. dxc5 Rac8 18. Rac1 Rxc5 19. Qb1 Rfc8 20. b4 {
(R)} Rxc1 21. Rxc1 Rxc1+ 22. Qxc1 Qd7 23. h3 Bb7 24. e4 Ba6 25. f3 Kf8 26. Kh1
Ke8 27. Qc3 {(R)} Qd3 28. Qxd3 Bxd3 29. Kg1 Kd7 30. Kf2 Kd6 31. Ke3 Bb5 32. Kd4
e5+ 33. Ke3 f6 34. g3 g5 35. g4 a5 36. Kf2 Kc6 37. Nb1 axb4 38. axb4 Bc4 39.
Nc3 Bd3 1/2-1/2

[Event "Brno CEZ Talent"]
[Site "?"]
[Date "2013.08.25"]
[Round "2"]
[White "Zitny, Petr"]
[Black "Glacner, Karel"]
[Result "1-0"]
[WhiteElo "1877"]
[BlackElo "1583"]
[PlyCount "55"]
[EventDate "2013.08.25"]

1. e4 e5 2. Nf3 Nc6 3. d4 exd4 4. Bc4 Qf6 5. O-O Ne5 6. Nxe5 Qxe5 7. f4 Qc5 8.
Bd3 d6 9. a4 a6 {(R)} 10. Nd2 g6 11. Nb3 Qa7 12. Qe2 Nh6 13. f5 Bg7 14. Bg5 Bd7
15. Kh1 Ng8 16. fxg6 hxg6 17. Qf2 Be6 18. a5 f6 19. Nxd4 Bd7 20. Be3 c5 21. Ne2
Bh6 {(R)} 22. Nf4 O-O-O 23. b4 Qb8 24. bxc5 d5 25. exd5 Be8 26. d6 f5 27. Nd5
Bxe3 28. Nb6# 1-0

[Event "Brno CEZ Talent"]
[Site "?"]
[Date "2013.08.25"]
[Round "2"]
[White "Veznik, Michael"]
[Black "Richterova, Julie"]
[Result "1-0"]
[WhiteElo "1876"]
[BlackElo "1437"]
[PlyCount "59"]
[EventDate "2013.08.25"]

1. e4 d5 2. exd5 Qxd5 3. Nc3 Qd6 4. d4 c6 5. Nf3 Nf6 6. h3 Bf5 7. Bd3 Bg6 8.
O-O e6 9. Ne2 Qc7 10. c4 Nbd7 11. Be3 c5 12. Nf4 Bxd3 13. Qxd3 Bd6 14. g3 Rc8
15. Rac1 O-O 16. Qb1 Rfd8 17. Rfd1 Qb8 18. Ne2 Nb6 19. b3 Rc6 20. Rd2 Nbd7 21.
a4 Qc7 22. Rcd1 Qb6 23. Ne5 Rcc8 24. Nxd7 Nxd7 25. dxc5 Nxc5 26. b4 Qc7 27.
Bxc5 Bxc5 28. Rxd8+ Rxd8 29. Rxd8+ Qxd8 30. bxc5 1-0

[Event "Brno CEZ Talent"]
[Site "?"]
[Date "2013.08.25"]
[Round "2"]
[White "Martisek, Karel"]
[Black "Hrdlicka, Vladan"]
[Result "0-1"]
[WhiteElo "1872"]
[BlackElo "1686"]
[PlyCount "121"]
[EventDate "2013.08.25"]

1. e4 e5 2. Nf3 Nc6 3. d4 exd4 4. Nxd4 Nf6 5. Nxc6 bxc6 6. Bd3 Bc5 7. O-O d5 8.
e5 Bg4 9. Qe1 Nd7 10. h3 Be6 11. Kh1 O-O 12. f4 d4 13. Nd2 Bb4 14. a3 Bxd2 15.
Bxd2 Nc5 16. f5 Nxd3 17. cxd3 Bd5 18. f6 Kh8 19. Bg5 g6 20. Qg3 Qd7 21. Rf4
Rab8 22. Bh6 Rfe8 23. Bg7+ Kg8 24. Rh4 Qf5 25. b4 Rxe5 26. Rxd4 Rbe8 27. Kh2
Re2 28. Rg1 R8e3 29. Qg4 Qe5+ 30. Qf4 Qxf4+ 31. Rxf4 Rxd3 32. a4 Ra3 33. a5 c5
34. bxc5 Rxa5 35. Rb4 Re8 36. Rgb1 Ra2 37. R1b2 Rxb2 38. Rxb2 h5 39. g4 Kh7 40.
gxh5 gxh5 41. Rd2 c6 42. Rd3 h4 43. Kg1 a5 44. Kf2 a4 45. Rd4 Re4 46. Rd3 Kg6
47. Ra3 Rb4 48. Ra1 Bb3 49. Ke3 Rc4 50. Rg1+ Kf5 51. Rf1+ Ke6 52. Bf8 Rc3+ 53.
Ke4 Rxh3 54. Be7 Bd5+ 55. Kd4 a3 56. Re1+ Kd7 57. Bf8 Be6 58. Ke5 a2 59. Rd1+
Kc7 60. Bd6+ Kc8 61. Kd4 0-1

[Event "Brno CEZ Talent"]
[Site "?"]
[Date "2013.08.26"]
[Round "3"]
[White "Bernasek, Jan"]
[Black "Lanc, Alois"]
[Result "1-0"]
[WhiteElo "2535"]
[BlackElo "2363"]
[PlyCount "51"]

1. d4 Nf6 2. c4 g6 3. Nc3 Bg7 4. e4 d6 5. f4 O-O 6. Nf3 c5 7. d5 e6 8. dxe6
fxe6 9. Bd3 Nc6 10. O-O Nd4 11. Bd2 Bd7 12. Ng5 Bc6 13. Qe1 Nd7 14. Qg3 Qe7 15.
Rae1 Bf6 16. Nd5 Bxd5 17. exd5 Bxg5 18. fxg5 Ne5 19. dxe6 Qxe6 20. Bf4 Rae8 21.
b3 Re7 22. Be4 Nf7 23. Bd5 Ne2+ 24. Rxe2 Qxe2 25. Bxd6 Rfe8 26. Qf4 1-0

[Event "Brno CEZ Talent"]
[Site "?"]
[Date "2013.08.26"]
[Round "3"]
[White "Roubalik, Jakub"]
[Black "Polak, Tomas"]
[Result "0-1"]
[WhiteElo "2344"]
[BlackElo "2492"]
[PlyCount "160"]

1. d4 d5 2. c4 e6 3. Nc3 Nf6 4. cxd5 exd5 5. Bg5 c6 6. Qc2 Be7 7. e3 Bg4 8. Bd3
Bh5 9. Nge2 Bg6 10. Ng3 Na6 11. a3 Bxd3 12. Qxd3 g6 13. O-O Nc7 14. f3 Ne6 15.
f4 Nxg5 16. fxg5 Nd7 17. e4 dxe4 18. Ngxe4 O-O 19. Qg3 Nb6 20. Nf6+ Bxf6 21.
gxf6 Qxd4+ 22. Kh1 Rfe8 23. Rad1 Qe5 24. Qh4 Qh5 25. Qxh5 gxh5 26. Rf5 Re6 27.
Rg5+ Kh8 28. Rxh5 Rae8 29. Rf5 Nc4 30. Rb1 Re1+ 31. Rf1 Rxb1 32. Rxb1 Re6 33.
Kg1 Rxf6 34. Re1 b5 35. Re2 a5 36. h3 a4 37. Rc2 Rf4 38. Ne2 Re4 39. Kf2 Kg7
40. g3 f6 41. Nf4 Kf7 42. Nd3 Ke7 43. Nc5 Rd4 44. Re2+ Kf7 45. Rc2 Ne5 46. Ke2
Ke7 47. Rc3 Rc4 48. Rxc4 Nxc4 49. Nd3 Kd6 50. Kd1 c5 51. Kc2 Ne3+ 52. Kc3 Nd5+
53. Kd2 f5 54. Ne1 Nf6 55. Ke3 Nd5+ 56. Kd2 h6 57. Nf3 Ke6 58. Kd3 Nb6 59. Nd2
Kd5 60. Kc3 Nc4 61. Nxc4 bxc4 62. g4 f4 63. Kd2 Ke4 64. h4 f3 65. g5 hxg5 66.
hxg5 Kf5 67. Ke3 Kxg5 68. Kxf3 Kf5 69. Ke3 Ke5 70. Kd2 Kd4 71. Kc2 c3 72. bxc3+
Kc4 73. Kb2 Kd3 74. c4 Kxc4 75. Kc2 Kd4 76. Kd2 c4 77. Kc2 c3 78. Kc1 Kc5 79.
Kb1 Kd5 80. Kc1 Kd4 0-1